Marine parks of Malaysia.

Bibliographic Details
Corporate Author: The Department of Fisheries Malaysia
Format: Book
Published: Kuala Lumpur: The Department of Fisheries Malaysia, 2001.
Subjects:
LEADER 00546cam a2200169 7i4500
001 0000019305
005 20070614090000.0
020 0 0 |a 983-872-010-0  
090 0 0 |a M 333.784   |b DEP 
110 2 0 |a The Department of Fisheries Malaysia 
245 0 0 |a Marine parks of Malaysia. 
260 0 0 |a Kuala Lumpur:   |b The Department of Fisheries Malaysia,   |c 2001. 
300 # # |a 156 p. 
650 0 0 |a Malaysia --   |x Description and travel  
650 0 0 |a Marine parks and reserves --   |z Malaysia  
651 0 0 |a Malaysia  
999 |a 0000020126  |b Book  |c Malaysia  |e Business Information Centre